| 000 | 00626nam a22001937a 4500 | ||
|---|---|---|---|
| 005 | 20170214092840.0 | ||
| 008 | 170111b xxu||||| |||| 00| 0 eng d | ||
| 020 | _a9780307450739 | ||
| 040 | _cPK-LaUMT | ||
| 082 |
_a613.25 _bMIC-M |
||
| 100 | _aMichaels, Jillian | ||
| 245 |
_aMaster your metabolism: _bthe 3 diet secrets to naturally balancing your hormones for a hot and healthy body! _cJillian Michaels with Mariska Van Aalst |
||
| 260 |
_aNew York: _bCrown publishers, _c2009 |
||
| 300 | _a277 p. | ||
| 546 | _aEN | ||
| 650 | _aWeight Loss- Endocrine Aspects | ||
| 700 | _aForeword by Christine Darwin | ||
| 942 | _cBK | ||
| 999 |
_c90070 _d90070 |
||